01179nam a22001937a 4500003000900000008004100009040007100050082001900121110002500140245003300165260003300198300002300231440003100254505064700285650001600932650001200948650001300960650001200973AR-CdUCM190318b ||||| |||| 00| 0 spa d aMUNICIPALIDAD PROVINCIAL DEL CUSCOcBIBLIOTECA MUNICIPAL DEL CUSCO a086.920 /bC79 aBiografías Candesa aGrandes figuras historicas / aMéxico :bGrijalbo,c1959. a12 tomos ;c21 cm. aGrandes Figuras Historicas aContenido : t.1.- Grandes figuras de la historia (Leopold Von Ranke) -- t.2.- Alejandro El Grande (León Homo) -- t.3.- Nerón (Gérard Walter) -- t.4.- Juana de Arco, su personalidad. Su papel histórico (Jacques Cordier) -- t.5.- Maria Estuardo (Paule Henry-Bordeaux) -- t.6.- Horacio Nelson. Un estudio del almirante (Renalt Capes) -- t.7.- Soliman El Magnífico sultan del este -- t.8.- Julio Cesar (Gérard Walter) -- t.9.- Anibal de Cartago (Mary Dolan) -- t.10.- Pericles. Una experiencia de democracia dirigida (León Homo) -- t.11.- Carlomagno. La leyenda y el hombre (Harold Lamb) -- t.12.- Maria Antonieta (Gérard Walter). aBirografias aMujeres aHistoria aHombres